000 00895nam a2200265 i 4500
001 bg
003 BPK
005 20190823130914.0
008 990111s1998 pl a f f |000 0 pol
015 _aPB 2001/3760
020 _a8387424366
040 _aWA N
_cBPK
041 0 _apol
080 _a311
080 _a(075.8+076)
100 1 _aRoeske-Słomka, Iwona.
_d(1947- ).
245 1 0 _aPrzykłady i zadania ze statystyki /
_cIwona Roeske-Słomka ; Politechnika Koszalińska.
260 _aKoszalin :
_bWydaw. Uczelniane PK,
_c1998.
300 _a147 s. :
_bil. ;
_c24 cm.
655 4 _aĆwiczenia i zadania dla szkół wyższych
650 4 _aStatystyka
710 2 _aPolitechnika Koszalińska.
_bWydawnictwo Uczelniane.
_4pbl.
942 _2UKD
_cKS
856 _uhttp://koha.tu.koszalin.pl/cgi-bin/koha/opac-detail.pl?biblionumber=33608
_yKatalog online BPK
999 _c33608
_d33608